000 00850nam a22002177a 4500
008 240702b mp ||||| |||| 00| 0 mon d
035 _a17436
040 _aZA2481090
_bmon
_cMN-UlNLM
_dMN-UlNLM
_erda
041 _amon
042 _a42466
084 _2NNA
_a84/2Орос/-44
_bЛ-58
100 _aЛиндгрен А.
245 0 _aДээвэр дээр суудаг Карлсон жаалхүү хоёр
264 _aулаанбаатар
_bСүхбаатарын нэрэмжит хэвл
_c1959
300 _a137х.
336 _2rdacontent
_atext
_btxt
337 _2rdamedia
_aunmediated
_bn
338 _2rdacarrier
_avolume
_bnc
650 _aКарлсрн цамхаг барьсан нь, майхан барьж тоглосон нь, Жаалхүүгийн найман насны ойд ирсэн нь ...
942 _2NNA
_cBK
999 _c1085257
_d1085314